000 00646cab a2200241 4500
001 X1990
008 090401t1995 xxu||||| |||| 00| 0 eng d
035 _a(Sirsi) u20912
041 _aeng
245 _aInter-company leases: changes proposed to SAVP No 1
260 _c1995
350 _a0
490 _aCSM (Chartered Surveyor Monthly)
_v4(4) February 1995, 21(1)
650 _aASSETS VALUATION STANDARDS
650 _aOWNER-OCCUPIED PROPERTIES
650 _aSAVP NO 1
650 _aSAVP NO 19
650 _aVACANT POSSESSION
650 _aValuation
_96273
690 _aRATING AND VALUATION
942 _n0
948 _c04/03/1997
999 _c14020
_d14020